| 000 | 00943nam a22002777a 4500 | ||
|---|---|---|---|
| 001 | 8856 | ||
| 003 | FISKH | ||
| 005 | 20251023121207.0 | ||
| 008 | 251023b cb ||||| |||| 00| 0 eng d | ||
| 020 | _a9780545129459 | ||
| 040 |
_aFISKH _beng _cFISKH _dFISKH |
||
| 050 | _aBF175.C65 Z85 | ||
| 082 | _a001.94 | ||
| 100 | _aZullo, Allan | ||
| 245 |
_aWeird but true tales / _cBy Allan Zullo |
||
| 250 | _aFirst Scholastic printing, January 2009 | ||
| 260 |
_aNew York : _bScholastic , _c1998. |
||
| 300 |
_a95 pages : _billustrations ; _c19 cm . |
||
| 505 | _aR | ||
| 520 | _aNine accounts of the roles of coincidence and fate in day-to-day life, including the case of two teenagers discovering they are twins after separate skiing accidents bring them to the same hospital. | ||
| 521 | 8 |
_a760
_bLexile |
|
| 521 | 8 |
_aR
_bRaz-Plus |
|
| 650 |
_aExtramundane _vChildren's Fiction |
||
| 942 |
_2ddc _cBK _n0 |
||
| 999 |
_c8856 _d8856 |
||